000 004530000a22001690004500
003 MACL
005 20160106174227.0
008 160106b xxu||||| |||| 00| 0 eng d
040 _aMACL
_cMACL
041 _aEnglish
082 _a615.5/ROB
100 _aRobinson, Corinne H
_929083
245 _aNormal And Theapeutic Nutrition
260 _bOxford University Press
_c1934
_aCalcutta
650 _aMedical Science
_929084
942 _cBK
_k615.05/Rob
_2ddc
999 _c35620
_d35620